[Event "Rio de Janeiro-ch Absoluto"]
[Site "Rio de Janeiro"]
[Date "1987.07.30"]
[Round "5"]
[White "Ferreira, Kleber Victor"]
[Black "Reale, Andre Luis La Valle"]
[Result "1-0"]
[WhiteElo "1885"]
[BlackElo "1720"]
[PlyCount "51"]
[EventDate "1987.07.26"]
[EventType "swiss"]
[EventRounds "7"]
[EventCountry "BRA"]
[SourceTitle "EXT 2007"]
[Source "ChessBase"]
[SourceDate "2006.11.23"]
[SourceVersion "1"]
[SourceVersionDate "2006.11.23"]
[SourceQuality "1"]

1. e4 d5 2. e5 e6 3. d4 c5 4. Nf3 Nc6 5. Bd3 Be7 6. 0-0 Bd7 7. a3 Rc8 8. Re1 Qb6 9. Nbd2 Nxd4 10. Nxd4 cxd4 11. Qg4 Bf8 12. a4 Ne7 13. Nb3 Nc6 14. a5 Qc7 15. Bd2 Nxe5 16. Qxd4 Ng6 17. Qxd5 Ne7 18. Qh5 Ng6 19. Re4 Be7 20. Rae1 Bf6 21. Rc4 Qd6 22. Bb4 Nf4 23. Qg4 e5 24. Rxc8+ Bxc8 25. Qxc8+ Qd8 26. Bb5# 1-0

[Event "Rio de Janeiro-ch Absoluto"]
[Site "Rio de Janeiro"]
[Date "1987.07.27"]
[Round "2"]
[White "Rosa, Carlos Roberto"]
[Black "Reale, Andre Luis La Valle"]
[Result "1-0"]
[WhiteElo "1975"]
[BlackElo "1720"]
[PlyCount "37"]
[EventDate "1987.07.26"]
[EventType "swiss"]
[EventRounds "7"]
[EventCountry "BRA"]
[SourceTitle "EXT 2007"]
[Source "ChessBase"]
[SourceDate "2006.11.23"]
[SourceVersion "1"]
[SourceVersionDate "2006.11.23"]
[SourceQuality "1"]

1. e4 e5 2. Nf3 f5 3. exf5 d6 4. d4 e4 5. Ng5 Bxf5 6. Nc3 d5 7. f3 Nf6 8. fxe4 dxe4 9. Bc4 Bg6 10. Ne6 Qd7 11. Bf4 Bf7 12. Nxc7+ Ke7 13. Bxf7 Kxf7 14. Nxa8 Na6 15. 0-0 Be7 16. Nc7 Nxc7 17. Bxc7 Qxc7 18. Nxe4 Rf8 19. Ng5+ 1-0